Catálogo
 En Linea

La guerra del Paraguay en fotografías. / (Registro nro. 40891)

Detalles MARC
000 -CABECERA
campo de control de longitud fija 00746nam a2200217 a 4500
001 - NÚMERO DE CONTROL
campo de control 000041401
005 - FECHA Y HORA DE LA ÚLTIMA TRANSACCIÓN
campo de control 20201002034845.0
008 - DATOS DE LONGITUD FIJA--INFORMACIÓN GENERAL
campo de control de longitud fija 131002s2008 uy o 000 0 spa d
020 ## - NÚMERO INTERNACIONAL ESTÁNDAR DEL LIBRO
Número Internacional Estándar del Libro 9789974550292
040 ## - FUENTE DE LA CATALOGACIÓN
Centro catalogador/agencia de origen DO-SdBNP
Lengua de catalogación spa
Centro/agencia transcriptor BNPHU
082 ## - NÚMERO DE LA CLASIFICACIÓN DECIMAL DEWEY
Número de clasificación xxx
Número de documento/Ítem xxx
245 03 - MENCIÓN DE TÍTULO
Título La guerra del Paraguay en fotografías. /
Mención de responsabilidad, etc. Alberto del Pino Menck, [et.al.]; prólogo, Tomás de Mattos.
260 ## - PUBLICACIÓN, DISTRIBUCIÓN, ETC.
Lugar de publicación, distribución, etc. Montevideo, Uruguay, :
Nombre del editor, distribuidor, etc. Biblioteca nacional,
Fecha de publicación, distribución, etc. 2008.
300 ## - DESCRIPCIÓN FÍSICA
Extensión 224 p. :
Otras características físicas fot. ;
Dimensiones 21 cm.
504 ## - NOTA DE BIBLIOGRAFÍA, ETC.
Nota de bibliografía, etc. Bibliografía p: 23
700 1# - PUNTO DE ACCESO ADICIONAL--NOMBRE DE PERSONA
Nombre de persona Mattos, Tomás de
Término indicativo de función/relación prol.
9 (RLIN) 68052
700 1# - PUNTO DE ACCESO ADICIONAL--NOMBRE DE PERSONA
Nombre de persona Pino Menck, Alberto del
9 (RLIN) 68053
700 1# - PUNTO DE ACCESO ADICIONAL--NOMBRE DE PERSONA
Nombre de persona Fernández Labeque, Alicia
9 (RLIN) 68054
700 1# - PUNTO DE ACCESO ADICIONAL--NOMBRE DE PERSONA
Nombre de persona Gargiulo, Graciela
9 (RLIN) 68055
700 1# - PUNTO DE ACCESO ADICIONAL--NOMBRE DE PERSONA
Nombre de persona Villa, Oscar Jorge
9 (RLIN) 68056
Existencias
Estado de retiro Estado de pérdida Restricciones de uso No para préstamo Código de colección Localización permanente Ubicación/localización actual Ubicación en estantería Fecha de adquisición Número de inventario Total de préstamos Signatura topográfica completa Código de barras Fecha visto por última vez Precio válido a partir de Tipo de ítem Koha
      Excluido de préstamo Monografías: Libros y Folletos General General En catalogación 02.10.2013 LF1   xxx xxx 41401-10 25.06.2020 25.06.2020 No se presta

Con tecnología Koha